02492cam a2200205 i 4500020001800000020001500018040000800033082002600041100001800067245007800085300004600163490004600209520155400255520025501809650002002064650002802084942001002112999001702122952014702139 a9780071630054 a0071630058 cDLC00a620 AHM 1998 C161 Or.1 aChang, Ni-Bin10aSystems analysis for sustainable engineering :btheory and applications / axiii, 688 pages :billustrations ;c24 cm1 aGreen manufacturing & systems engineering a"Implement systems analysis tools in sustainable engineering. Featuring a multidisciplinary approach, Systems analysis for sustainable engineering: theory and applications provides a proven framework for applying systems analysis tools to account for environmental impacts, energy efficiency, cost-effectiveness, socioeconomic implications, and ecosystem health in engineering solutions. This pioneering work addresses the increased levels of sophistication embedded in many complex large-scale infrastructure systems and their interactions with the natural environment. After a detailed overview of sustainable systems engineering, the book covers mathematical theories of systems analysis, environmental resources management, industrial ecology, and sustainable design. Real-world examples highlight the methodologies presented in this authoritative resource.COVERAGE INCLUDES: Structured systems analysis for sustainable design Systems analysis and sustainable management strategies Ecomomic valuation, instruments, and project selection Statistical forecasting models Linear, nonlinear, integer, and dynamic programming models Multicriteria decision analyses System dynamics models and simulation analyses Water resources and quality management Air quality management Solid waste management Soil and groundwater remediation planning Industrial ecology and sustainability Green building and green infrastructure systems Energy resources management and energy systems engineering Land resources management and agricultural sustainability"-- a"This in-depth guide provides a framework for the proper application of systems analysis tools to account for environmental impacts, energy efficiencies, cost-effectiveness, socioeconomic implications, and ecosystem health in engineering solutions"-- 0aSystem analysis 0aSustainable engineering cAEDBB c19281d19281 0010406620_000000000000000_AHM_1998_C161_OR70984562aLBCbLBCcC161d2020-09-04eA37803o620 AHM 1998 C161 Or.r2020-09-04w2020-09-04yEK